000
00330nam a22001337a 4500
020
_a
9788181890269
041
_a
ENG
100
_a
Lai
245
_a
Horizontal Subsurface Drainage Theories For Agricultural Lands
260
_a
Lucknow
_b
International book Distr
_c
2004
300
_a
290
650
_a
IDE
856
_u
IDE ( 18 )
999
_c
1505
_d
1505